000
00308nam a2200121Ia 4500
008
190216s9999||||xx |||||||||||||| ||und||
100
_a
Government Of Kerala
245
2
_a
A Manual Of Office Procedure
260
_b
Government Of Kerala
_c
1990
300
_a
121p
650
_a
General Libraries
942
_c
REF
999
_c
35289
_d
35289